Statistics for Blink-182 - Self Titled Album Songs

Click here to take the quiz!

General Stats

  • This quiz has been taken 16 times
  • The average score is 12 of 15

Answer Stats

ListensSong% Correct
738,047,200I Miss You
100%
126,128,348Always
85%
17,748,651Asthenia
85%
173,502,043Feeling This
85%
26,832,331Violence
85%
20,429,552All Of This
77%
78,156,285Down
77%
20,819,330Easy Target
77%
17,303,154Go
77%
17,228,783Here's Your Letter
77%
27,044,281Obvious
77%
31,006,850Stockholm Syndrome
77%
21,748,701I'm Lost Without You
69%
10,880,265The Fallen Interlude
69%
9,792,404Stockholm Syndrome Interlude
54%

Score Distribution

Percentile by Number Answered

Percent of People with Each Score

Your Score History

You have not taken this quiz